Intelligent authoring of construction contracts (Record no. 93778)

MARC details
000 -LEADER
fixed length control field 00860cam a2200301 4500
008 - FIXED-LENGTH DATA ELEMENTS--GENERAL INFORMATION
fixed length control field 090401t1992 xxu||||| |||| 00| 0 eng d
020 ## - INTERNATIONAL STANDARD BOOK NUMBER
International Standard Book Number 0854065504
035 ## - SYSTEM CONTROL NUMBER
System control number (Sirsi) u56358
041 ## - LANGUAGE CODE
Language code of text/sound track or separate title eng
050 ## - LIBRARY OF CONGRESS CALL NUMBER
Classification number 692.80285
-- 18
090 ## - LOCALLY ASSIGNED LC-TYPE CALL NUMBER (OCLC); LOCAL CALL NUMBER (RLIN)
Classification number (OCLC) (R) ; Classification number, CALL (RLIN) (NR) RICS 1992/56ABCD
100 ## - MAIN ENTRY--PERSONAL NAME
Personal name Brandon, Peter
245 ## - TITLE STATEMENT
Title Intelligent authoring of construction contracts
260 ## - PUBLICATION, DISTRIBUTION, ETC.
Place of publication, distribution, etc. London
Name of publisher, distributor, etc. RICS
Date of publication, distribution, etc. 1992
300 ## - PHYSICAL DESCRIPTION
Extent v, 37, (12)p.
Dimensions 30cm.
350 ## - PRICE (NR) (BK AM CF MU VM SE) [OBSOLETE]
Price 4.95
490 ## - SERIES STATEMENT
Series statement RICS Research Paper Series
Volume/sequential designation (13)
650 ## - SUBJECT ADDED ENTRY--TOPICAL TERM
Topical term or geographic name entry element BUILT ENVIRONMENT-BUILDING CONTRACT FORMS
650 ## - SUBJECT ADDED ENTRY--TOPICAL TERM
Topical term or geographic name entry element COMPUTERS
690 ## - LOCAL SUBJECT ADDED ENTRY--TOPICAL TERM (OCLC, RLIN)
Topical term or geographic name as entry element BUILT ENVIRONMENT-BUILDING CONTRACT FORMS
700 ## - ADDED ENTRY--PERSONAL NAME
Personal name Basden, Andrew
700 ## - ADDED ENTRY--PERSONAL NAME
Personal name Hibberd, Peter
700 ## - ADDED ENTRY--PERSONAL NAME
Personal name Kirkham, John
700 ## - ADDED ENTRY--PERSONAL NAME
Personal name Tetlow, Stephen
710 ## - ADDED ENTRY--CORPORATE NAME
Corporate name or jurisdiction name as entry element Royal Institution of Chartered Surveyors
9 (RLIN) 4900
942 ## - ADDED ENTRY ELEMENTS (KOHA)
Suppress in OPAC 0
948 ## - LOCAL PROCESSING INFORMATION (OCLC); SERIES PART DESIGNATOR (RLIN)
c (OCLC) 04/03/1997
Holdings
Withdrawn status Lost status Source of classification or shelving scheme Damaged status Not for loan Home library Current library Shelving location Date acquired Cost, normal purchase price Total Checkouts Full call number Barcode Date last seen Copy number Cost, replacement price Price effective from Koha item type
    Dewey Decimal Classification     London London RICS Boxes 22/10/1992 4.95   RICS 1992/56 30037238 06/08/2019 1 4.95 06/08/2019 Archive
    Dewey Decimal Classification     London London RICS Boxes 22/10/1992 4.95   RICS 1992/56 30037239 06/08/2019 2 4.95 06/08/2019 Reference material
    Dewey Decimal Classification     London London RICS Boxes 22/10/1992 4.95   RICS 1992/56 30037240 06/08/2019 3 4.95 06/08/2019 Book